[Event "Kadettlandskamp NOR-SWE B 2018"]
[Site "NTG, Bærum, Norway"]
[Date "2018.12.15"]
[Round "7.5"]
[White "Ivarsson, Sebastian"]
[Black "Melaa, Sondre Lillestøl"]
[Result "1/2-1/2"]
[WhiteFideId "1738593"]
[BlackFideId "1530470"]
[WhiteElo "1652"]
[BlackElo "1838"]

1. d4 {[%clk 00:15:17]} {[%emt 00:00:03]} d5 {[%clk 00:15:19]} {[%emt
00:00:01]} 2. c4 {[%clk 00:15:26]} {[%emt 00:00:02]} e6 {[%clk 00:15:23]}
{[%emt 00:00:06]} 3. Nf3 {[%clk 00:15:35]} {[%emt 00:00:01]} Nf6 {[%clk
00:15:31]} 4. Nc3 {[%clk 00:15:44]} {[%emt 00:00:02]} Be7 {[%clk 00:15:40]}
{[%emt 00:00:01]} 5. Bg5 {[%clk 00:15:52]} {[%emt 00:00:02]} Nbd7 {[%clk
00:15:48]} {[%emt 00:00:01]} 6. e3 {[%clk 00:16:01]} {[%emt 00:00:02]} h6
{[%clk 00:15:56]} {[%emt 00:00:01]} 7. Bh4 {[%clk 00:16:10]} O-O {[%clk
00:16:04]} {[%emt 00:00:02]} 8. Rc1 {[%clk 00:16:15]} {[%emt 00:00:06]} c5
{[%clk 00:16:12]} {[%emt 00:00:01]} 9. Bd3 {[%clk 00:16:12]} {[%emt 00:00:13]}
cxd4 {[%clk 00:16:17]} {[%emt 00:00:05]} 10. exd4 {[%clk 00:16:21]} {[%emt
00:00:02]} dxc4 {[%clk 00:16:25]} {[%emt 00:00:02]} 11. Bxc4 {[%clk 00:16:30]}
{[%emt 00:00:01]} a6 {[%clk 00:16:34]} 12. Bd3 {[%clk 00:16:21]} {[%emt
00:00:19]} b5 {[%clk 00:16:38]} {[%emt 00:00:06]} 13. O-O {[%clk 00:16:28]}
{[%emt 00:00:03]} Bb7 {[%clk 00:16:42]} {[%emt 00:00:06]} 14. Qe2 {[%clk
00:16:31]} {[%emt 00:00:08]} Rc8 {[%clk 00:15:44]} {[%emt 00:01:07]} 15. Rfd1
{[%clk 00:16:36]} {[%emt 00:00:05]} b4 {[%clk 00:12:37]} {[%emt 00:03:17]} 16.
Na4 {[%clk 00:15:14]} {[%emt 00:01:31]} Qa5 {[%clk 00:09:28]} {[%emt 00:03:18]}
17. b3 {[%clk 00:14:31]} {[%emt 00:00:55]} Qh5 {[%clk 00:09:17]} {[%emt
00:00:20]} 18. Bxf6 {[%clk 00:11:48]} {[%emt 00:02:54]} Nxf6 {[%clk 00:06:33]}
{[%emt 00:02:54]} 19. Bxa6 {[%clk 00:11:41]} {[%emt 00:00:17]} Bxf3 {[%clk
00:04:46]} {[%emt 00:01:57]} 20. Qxf3 {[%clk 00:11:46]} {[%emt 00:00:05]} Qxf3
{[%clk 00:04:45]} {[%emt 00:00:11]} 21. gxf3 {[%clk 00:11:54]} {[%emt
00:00:02]} Rxc1 {[%clk 00:04:44]} {[%emt 00:00:12]} 22. Rxc1 {[%clk 00:12:02]}
{[%emt 00:00:02]} Nd5 {[%clk 00:03:33]} {[%emt 00:01:19]} 23. Bb7 {[%clk
00:10:01]} {[%emt 00:02:11]} Nf4 {[%clk 00:03:30]} {[%emt 00:00:14]} 24. Rd1
{[%clk 00:08:48]} {[%emt 00:01:22]} Rd8 {[%clk 00:03:30]} {[%emt 00:00:11]} 25.
Kf1 {[%clk 00:07:47]} {[%emt 00:01:11]} Bf6 {[%clk 00:03:09]} {[%emt 00:00:32]}
26. Nc5 {[%clk 00:06:37]} {[%emt 00:01:16]} Rxd4 {[%clk 00:02:53]} {[%emt
00:00:30]} 27. Rxd4 {[%emt 00:00:27]} Bxd4 {[%emt 00:00:01]} 28. Na6 {[%clk
00:06:14]} {[%emt 00:00:05]} Bc3 {[%clk 00:02:57]} {[%emt 00:00:05]} 29. Be4
{[%clk 00:06:17]} {[%emt 00:00:06]} Kf8 {[%clk 00:02:43]} {[%emt 00:00:25]} 30.
Nc5 {[%clk 00:06:04]} {[%emt 00:00:24]} Ke7 {[%clk 00:02:26]} {[%emt 00:00:27]}
31. Nd3 {[%clk 00:06:12]} {[%emt 00:00:02]} Nxd3 {[%clk 00:02:25]} {[%emt
00:00:12]} 32. Bxd3 {[%clk 00:06:19]} {[%emt 00:00:03]} Kd6 {[%clk 00:02:27]}
{[%emt 00:00:07]} 33. Kg2 {[%clk 00:05:03]} {[%emt 00:01:26]} Ke5 {[%clk
00:01:40]} {[%emt 00:00:58]} 34. Kg3 {[%clk 00:05:07]} {[%emt 00:00:06]} Bd2
{[%clk 00:01:44]} {[%emt 00:00:06]} 35. h4 {[%clk 00:03:54]} {[%emt 00:01:23]}
f5 {[%clk 00:01:04]} {[%emt 00:00:49]} 36. Bc4 {[%clk 00:03:40]} {[%emt
00:00:24]} g5 {[%clk 00:01:03]} {[%emt 00:00:12]} 37. hxg5 {[%clk 00:03:46]}
{[%emt 00:00:04]} hxg5 {[%clk 00:01:11]} {[%emt 00:00:02]} 38. Ba6 {[%clk
00:03:20]} {[%emt 00:00:31]} Kf6 {[%clk 00:01:09]} {[%emt 00:00:16]} 39. Bc4
{[%clk 00:03:18]} {[%emt 00:00:12]} e5 {[%clk 00:00:39]} {[%emt 00:00:40]} 40.
Kg2 {[%clk 00:02:57]} {[%emt 00:00:31]} e4 {[%clk 00:00:33]} {[%emt 00:00:17]}
41. fxe4 {[%clk 00:02:42]} {[%emt 00:00:25]} fxe4 {[%clk 00:00:41]} {[%emt
00:00:01]} 42. Kf1 {[%clk 00:02:51]} Ke5 {[%clk 00:00:44]} {[%emt 00:00:07]} 43.
Ke2 {[%clk 00:03:00]} {[%emt 00:00:01]} Bf4 {[%clk 00:00:47]} {[%emt 00:00:07]}
44. Ba6 {[%clk 00:02:45]} {[%emt 00:00:24]} Kd4 {[%clk 00:00:53]} {[%emt
00:00:04]} 45. Bb7 {[%clk 00:02:50]} {[%emt 00:00:05]} Bh2 {[%clk 00:00:25]}
{[%emt 00:00:39]} 46. Bc6 {[%clk 00:02:50]} {[%emt 00:00:10]} Bd6 {[%clk
00:00:26]} {[%emt 00:00:08]} 47. Bb7 {[%clk 00:02:52]} {[%emt 00:00:09]} Bc5
{[%clk 00:00:32]} {[%emt 00:00:04]} 48. Bc6 {[%clk 00:02:52]} {[%emt 00:00:10]}
Ke5 {[%clk 00:00:38]} {[%emt 00:00:04]} 49. Bb7 {[%clk 00:02:27]} {[%emt
00:00:34]} Kf4 {[%clk 00:00:45]} {[%emt 00:00:03]} 50. Bd5 {[%clk 00:02:27]}
{[%emt 00:00:10]} g4 {[%clk 00:00:50]} {[%emt 00:00:05]} 51. Bb7 {[%clk
00:02:34]} {[%emt 00:00:02]} Bd4 {[%clk 00:00:31]} {[%emt 00:00:30]} 52. Bc6
{[%clk 00:02:41]} {[%emt 00:00:03]} e3 {[%clk 00:00:27]} {[%emt 00:00:13]} 53.
fxe3+ {[%clk 00:02:50]} {[%emt 00:00:02]} Bxe3 {[%clk 00:00:36]} {[%emt
00:00:01]} 54. Bd7 {[%clk 00:02:03]} {[%emt 00:00:57]} Bc5 {[%clk 00:00:36]}
{[%emt 00:00:10]} 55. Kf1 {[%clk 00:01:50]} {[%emt 00:00:20]} Kf3 {[%clk
00:00:40]} {[%emt 00:00:07]} 56. Bc6+ {[%clk 00:01:54]} {[%emt 00:00:07]} Kg3
{[%clk 00:00:46]} {[%emt 00:00:04]} 57. Ba8 {[%clk 00:01:42]} {[%emt 00:00:21]}
Kh2 {[%clk 00:00:50]} {[%emt 00:00:07]} 58. Bc6 {[%clk 00:01:51]} {[%emt
00:00:01]} g3 {[%clk 00:00:58]} {[%emt 00:00:02]} 59. Ba8 {[%clk 00:01:47]}
{[%emt 00:00:13]} Bd6 {[%clk 00:01:01]} {[%emt 00:00:07]} 60. Bb7 {[%clk
00:01:50]} {[%emt 00:00:07]} Kh3 {[%clk 00:01:00]} {[%emt 00:00:12]} 1/2-1/2

[Event "Kadettlandskamp NOR-SWE B 2018"]
[Site "NTG, Bærum, Norway"]
[Date "2018.12.15"]
[Round "7.6"]
[White "Fossan, Aleksander"]
[Black "Muntean, Viktor"]
[Result "1-0"]
[WhiteFideId "1519794"]
[BlackFideId "1054414"]
[WhiteElo "1903"]
[BlackElo "1791"]

1. e4 {[%clk 00:15:19]} e5 {[%clk 00:15:19]} 2. Nf3 {[%clk 00:15:29]} Nc6
{[%clk 00:15:28]} {[%emt 00:00:01]} 3. Bc4 {[%clk 00:15:37]} {[%emt 00:00:01]}
Nf6 {[%clk 00:15:37]} {[%emt 00:00:02]} 4. d3 {[%clk 00:15:42]} {[%emt
00:00:06]} Be7 {[%clk 00:15:45]} {[%emt 00:00:01]} 5. O-O {[%clk 00:15:48]}
{[%emt 00:00:04]} O-O {[%clk 00:15:51]} {[%emt 00:00:04]} 6. Re1 {[%clk
00:15:57]} {[%emt 00:00:01]} d6 {[%clk 00:15:59]} {[%emt 00:00:02]} 7. a4
{[%clk 00:16:04]} {[%emt 00:00:03]} h6 {[%clk 00:15:39]} {[%emt 00:00:29]} 8.
a5 {[%clk 00:16:09]} {[%emt 00:00:06]} a6 {[%clk 00:15:31]} {[%emt 00:00:18]} 9.
c3 {[%clk 00:15:02]} {[%emt 00:01:17]} Be6 {[%clk 00:15:32]} {[%emt 00:00:10]}
10. Nbd2 {[%clk 00:14:37]} {[%emt 00:00:35]} Qd7 {[%clk 00:13:57]} {[%emt
00:01:45]} 11. d4 {[%clk 00:14:14]} {[%emt 00:00:33]} Bxc4 {[%clk 00:12:55]}
{[%emt 00:01:12]} 12. Nxc4 {[%clk 00:14:21]} {[%emt 00:00:03]} exd4 {[%clk
00:12:56]} {[%emt 00:00:08]} 13. cxd4 {[%clk 00:14:18]} {[%emt 00:00:13]} Rfe8
{[%clk 00:12:49]} {[%emt 00:00:17]} 14. Qb3 {[%clk 00:13:21]} {[%emt 00:01:07]}
d5 {[%clk 00:11:23]} {[%emt 00:01:37]} 15. Nce5 {[%clk 00:12:54]} {[%emt
00:00:37]} Nxe5 {[%clk 00:11:15]} {[%emt 00:00:17]} 16. Nxe5 {[%clk 00:12:58]}
{[%emt 00:00:07]} Qb5 {[%clk 00:11:18]} {[%emt 00:00:07]} 17. Qxb5 {[%clk
00:10:27]} {[%emt 00:02:41]} axb5 {[%clk 00:11:27]} {[%emt 00:00:01]} 18. exd5
{[%clk 00:10:22]} {[%emt 00:00:15]} Nxd5 {[%clk 00:11:34]} {[%emt 00:00:02]} 19.
Bd2 {[%clk 00:10:26]} {[%emt 00:00:06]} Bb4 {[%clk 00:10:01]} {[%emt 00:01:43]}
20. Bxb4 {[%clk 00:10:15]} {[%emt 00:00:21]} Nxb4 {[%clk 00:10:09]} {[%emt
00:00:02]} 21. Rec1 {[%clk 00:08:36]} {[%emt 00:01:48]} c6 {[%clk 00:08:47]}
{[%emt 00:01:33]} 22. Kf1 {[%clk 00:08:38]} {[%emt 00:00:08]} Rad8 {[%clk
00:08:42]} {[%emt 00:00:14]} 23. Nf3 {[%clk 00:08:06]} {[%emt 00:00:42]} Rd5
{[%clk 00:07:39]} {[%emt 00:01:13]} 24. Re1 {[%clk 00:07:14]} {[%emt 00:01:01]}
Rxe1+ {[%clk 00:06:46]} {[%emt 00:01:03]} 25. Rxe1 {[%clk 00:07:22]} {[%emt
00:00:02]} Nc2 {[%clk 00:06:52]} {[%emt 00:00:03]} 26. Re7 {[%clk 00:04:42]}
{[%emt 00:02:50]} Nxd4 {[%clk 00:05:41]} {[%emt 00:01:22]} 27. Rxb7 {[%clk
00:03:44]} {[%emt 00:01:09]} Nxf3 {[%clk 00:05:00]} {[%emt 00:00:50]} 28. gxf3
{[%clk 00:03:51]} {[%emt 00:00:03]} Rd1+ {[%clk 00:05:08]} {[%emt 00:00:02]} 29.
Ke2 {[%clk 00:03:58]} {[%emt 00:00:03]} Ra1 {[%clk 00:05:16]} {[%emt 00:00:02]}
30. Rb8+ {[%clk 00:03:31]} {[%emt 00:00:37]} Kh7 {[%clk 00:05:22]} {[%emt
00:00:04]} 31. Ra8 {[%clk 00:03:40]} Ra2 {[%clk 00:05:14]} {[%emt 00:00:19]} 32.
a6 {[%clk 00:03:29]} {[%emt 00:00:21]} Rxb2+ {[%clk 00:05:20]} {[%emt
00:00:04]} 33. Ke3 {[%clk 00:03:33]} {[%emt 00:00:06]} Ra2 {[%clk 00:04:48]}
{[%emt 00:00:41]} 34. Kd4 {[%clk 00:03:33]} {[%emt 00:00:10]} Rxf2 {[%clk
00:04:36]} {[%emt 00:00:23]} 35. a7 {[%clk 00:03:34]} {[%emt 00:00:08]} Ra2
{[%clk 00:04:44]} {[%emt 00:00:02]} 36. Kc5 {[%clk 00:03:41]} {[%emt 00:00:04]}
Kg6 {[%clk 00:04:29]} {[%emt 00:00:25]} 37. Kb6 {[%clk 00:02:49]} {[%emt
00:01:02]} b4 {[%clk 00:04:36]} {[%emt 00:00:03]} 38. Rc8 {[%clk 00:01:54]}
{[%emt 00:01:05]} b3 {[%clk 00:04:40]} {[%emt 00:00:06]} 39. Rxc6 {[%clk
00:01:54]} {[%emt 00:00:11]} f6 {[%clk 00:03:59]} {[%emt 00:00:51]} 40. Kb7
{[%clk 00:01:50]} {[%emt 00:00:14]} b2 {[%clk 00:02:49]} {[%emt 00:01:20]} 41.
Rb6 {[%clk 00:01:58]} {[%emt 00:00:02]} Kf5 {[%clk 00:02:37]} {[%emt 00:00:21]}
42. a8=Q {[%clk 00:02:03]} {[%emt 00:00:05]} Rxa8 {[%clk 00:02:45]} {[%emt
00:00:02]} 43. Kxa8 {[%clk 00:02:12]} {[%emt 00:00:02]} Kf4 {[%clk 00:02:43]}
{[%emt 00:00:12]} 44. Rxb2 {[%clk 00:02:17]} {[%emt 00:00:05]} Kxf3 {[%clk
00:02:50]} {[%emt 00:00:03]} 45. Kb7 {[%clk 00:02:07]} {[%emt 00:00:20]} g5
{[%clk 00:02:34]} {[%emt 00:00:26]} 46. Kc6 {[%clk 00:02:05]} {[%emt 00:00:12]}
f5 {[%clk 00:02:31]} {[%emt 00:00:14]} 47. Kd5 {[%clk 00:02:07]} {[%emt
00:00:07]} f4 {[%clk 00:02:37]} {[%emt 00:00:04]} 48. Ke5 {[%clk 00:01:56]}
{[%emt 00:00:20]} Kg4 {[%clk 00:01:50]} {[%emt 00:00:57]} 49. Ke4 {[%clk
00:01:46]} {[%emt 00:00:21]} Kh3 {[%clk 00:01:22]} {[%emt 00:00:38]} 50. Kf3
{[%clk 00:00:40]} {[%emt 00:01:16]} h5 {[%clk 00:01:30]} {[%emt 00:00:02]} 51.
Ra2 {[%clk 00:00:30]} {[%emt 00:00:20]} h4 {[%clk 00:01:17]} {[%emt 00:00:22]}
52. Rg2 {[%clk 00:00:26]} {[%emt 00:00:14]} g4+ {[%clk 00:01:23]} {[%emt
00:00:04]} 53. Rxg4 {[%clk 00:00:35]} {[%emt 00:00:02]} Kxh2 {[%clk 00:01:30]}
{[%emt 00:00:03]} 54. Rxh4+ {[%clk 00:00:44]} {[%emt 00:00:02]} 1-0

[Event "Kadettlandskamp NOR-SWE B 2018"]
[Site "NTG, Bærum, Norway"]
[Date "2018.12.15"]
[Round "8.1"]
[White "Vitenberg, Noam A"]
[Black "Falkevall, Axel"]
[Result "1-0"]
[WhiteFideId "1532138"]
[BlackFideId "1735560"]
[WhiteElo "1889"]
[BlackElo "1715"]

1. Nf3 {[%clk 00:15:18]} {[%emt 00:00:01]} d5 {[%clk 00:15:19]} {[%emt
00:00:02]} 2. e3 {[%clk 00:15:25]} {[%emt 00:00:03]} c6 {[%clk 00:15:26]}
{[%emt 00:00:03]} 3. c4 {[%clk 00:15:33]} {[%emt 00:00:02]} Nf6 {[%clk
00:15:34]} {[%emt 00:00:03]} 4. Nc3 {[%clk 00:15:40]} {[%emt 00:00:02]} e6
{[%clk 00:15:40]} {[%emt 00:00:05]} 5. d4 {[%clk 00:15:48]} {[%emt 00:00:02]}
Nbd7 {[%clk 00:15:48]} {[%emt 00:00:03]} 6. Bd3 {[%clk 00:15:56]} {[%emt
00:00:02]} dxc4 {[%clk 00:15:56]} {[%emt 00:00:03]} 7. Bxc4 {[%clk 00:16:05]}
{[%emt 00:00:02]} b5 {[%clk 00:16:05]} 8. Bd3 {[%clk 00:16:13]} {[%emt
00:00:01]} a6 {[%clk 00:16:14]} {[%emt 00:00:01]} 9. e4 {[%clk 00:16:22]}
{[%emt 00:00:01]} c5 {[%clk 00:16:23]} 10. d5 {[%clk 00:16:31]} {[%emt
00:00:02]} exd5 {[%clk 00:15:51]} {[%emt 00:00:41]} 11. exd5 {[%clk 00:16:38]}
{[%emt 00:00:03]} Bd6 {[%clk 00:15:45]} {[%emt 00:00:16]} 12. Qe2+ {[%clk
00:16:17]} {[%emt 00:00:31]} Qe7 {[%clk 00:15:46]} {[%emt 00:00:10]} 13. Qxe7+
{[%clk 00:16:21]} {[%emt 00:00:06]} Kxe7 {[%clk 00:15:21]} {[%emt 00:00:35]} 14.
O-O {[%clk 00:16:25]} {[%emt 00:00:05]} Re8 {[%clk 00:15:29]} {[%emt 00:00:01]}
15. a4 {[%clk 00:15:50]} {[%emt 00:00:45]} b4 {[%clk 00:15:07]} {[%emt
00:00:33]} 16. Ne4 {[%clk 00:14:51]} {[%emt 00:01:09]} Nxe4 {[%clk 00:14:59]}
{[%emt 00:00:18]} 17. Bxe4 {[%clk 00:14:59]} {[%emt 00:00:02]} Nf6 {[%clk
00:15:07]} {[%emt 00:00:02]} 18. Bg5 {[%clk 00:14:18]} {[%emt 00:00:50]} Kf8
{[%clk 00:14:56]} {[%emt 00:00:19]} 19. Bxf6 {[%clk 00:14:19]} {[%emt
00:00:13]} Rxe4 {[%clk 00:14:57]} {[%emt 00:00:09]} 20. Bg5 {[%clk 00:13:48]}
{[%emt 00:00:41]} Bb7 {[%clk 00:14:08]} {[%emt 00:00:59]} 21. Rfd1 {[%clk
00:13:47]} {[%emt 00:00:11]} h6 {[%clk 00:13:37]} {[%emt 00:00:41]} 22. Be3
{[%clk 00:13:55]} {[%emt 00:00:02]} Rd8 {[%clk 00:13:21]} {[%emt 00:00:26]} 23.
Nd2 {[%clk 00:13:53]} {[%emt 00:00:12]} Ree8 {[%clk 00:13:05]} {[%emt
00:00:27]} 24. Nc4 {[%clk 00:13:59]} {[%emt 00:00:04]} Kg8 {[%clk 00:12:04]}
{[%emt 00:01:12]} 25. Rac1 {[%clk 00:12:20]} {[%emt 00:01:48]} Bf8 {[%clk
00:11:39]} {[%emt 00:00:34]} 26. d6 {[%clk 00:12:24]} {[%emt 00:00:06]} Bc6
{[%clk 00:10:53]} {[%emt 00:00:56]} 27. b3 {[%clk 00:12:07]} {[%emt 00:00:27]}
Bd7 {[%clk 00:10:31]} {[%emt 00:00:33]} 28. Bxc5 {[%clk 00:12:12]} {[%emt
00:00:05]} Bf5 {[%clk 00:10:21]} {[%emt 00:00:19]} 29. Bb6 {[%clk 00:11:29]}
{[%emt 00:00:51]} Rd7 {[%clk 00:10:12]} {[%emt 00:00:20]} 30. Bc7 {[%clk
00:11:36]} {[%emt 00:00:04]} Re2 {[%clk 00:10:06]} {[%emt 00:00:16]} 31. Nb6
{[%clk 00:11:32]} {[%emt 00:00:13]} Rb2 {[%clk 00:09:44]} {[%emt 00:00:32]} 32.
Nxd7 {[%clk 00:11:37]} {[%emt 00:00:06]} Bxd7 {[%clk 00:09:53]} {[%emt
00:00:01]} 33. Rd3 {[%clk 00:11:20]} {[%emt 00:00:26]} Bf5 {[%clk 00:09:53]}
{[%emt 00:00:10]} 34. d7 {[%clk 00:11:26]} {[%emt 00:00:05]} Bxd7 {[%clk
00:10:02]} {[%emt 00:00:02]} 35. Rxd7 {[%clk 00:11:34]} {[%emt 00:00:01]} Rxb3
{[%clk 00:10:10]} 36. Rd8 {[%clk 00:11:41]} {[%emt 00:00:04]} Ra3 {[%clk
00:10:14]} {[%emt 00:00:06]} 37. Bd6 {[%clk 00:11:46]} {[%emt 00:00:06]} 1-0

[Event "Kadettlandskamp NOR-SWE B 2018"]
[Site "NTG, Bærum, Norway"]
[Date "2018.12.15"]
[Round "8.2"]
[White "Fossan, Aleksander"]
[Black "Olsson, William"]
[Result "1-0"]
[WhiteFideId "1519794"]
[BlackFideId "1741721"]
[WhiteElo "1903"]
[BlackElo "1743"]

1. e4 {[%clk 00:15:20]} {[%emt 00:01:09]} c5 {[%clk 00:15:19]} {[%emt
00:00:02]} 2. c3 {[%clk 00:15:29]} Nf6 {[%emt 00:00:01]} 3. e5 Nd5 {[%clk
00:15:35]} 4. d4 {[%clk 00:15:47]} {[%emt 00:00:02]} cxd4 {[%clk 00:15:35]}
{[%emt 00:00:10]} 5. Nf3 {[%clk 00:15:56]} e6 {[%clk 00:15:43]} {[%emt
00:00:02]} 6. cxd4 {[%clk 00:16:05]} {[%emt 00:00:02]} d6 {[%clk 00:15:50]}
{[%emt 00:00:03]} 7. Bc4 {[%clk 00:16:13]} {[%emt 00:00:02]} Nb6 {[%clk
00:15:56]} {[%emt 00:00:03]} 8. Bb3 {[%clk 00:16:20]} {[%emt 00:00:04]} Nc6
{[%clk 00:15:53]} {[%emt 00:00:13]} 9. O-O {[%clk 00:16:28]} {[%emt 00:00:02]}
Be7 {[%clk 00:16:01]} {[%emt 00:00:01]} 10. Nc3 {[%clk 00:16:08]} {[%emt
00:00:30]} O-O {[%clk 00:16:02]} {[%emt 00:00:08]} 11. a3 {[%clk 00:16:05]}
{[%emt 00:00:15]} Bd7 {[%clk 00:15:57]} {[%emt 00:00:15]} 12. Bc2 {[%clk
00:15:37]} {[%emt 00:00:38]} Rc8 {[%clk 00:15:36]} {[%emt 00:00:30]} 13. Qd3
{[%clk 00:15:40]} {[%emt 00:00:08]} g6 {[%clk 00:15:42]} {[%emt 00:00:03]} 14.
Bh6 {[%clk 00:15:37]} {[%emt 00:00:15]} Re8 {[%clk 00:15:50]} {[%emt 00:00:02]}
15. Rfe1 {[%clk 00:15:10]} {[%emt 00:00:37]} d5 {[%clk 00:15:37]} {[%emt
00:00:22]} 16. Ne2 {[%clk 00:11:56]} {[%emt 00:03:25]} Na5 {[%clk 00:15:23]}
{[%emt 00:00:23]} 17. Nf4 {[%clk 00:11:03]} {[%emt 00:01:03]} Nac4 {[%clk
00:15:24]} {[%emt 00:00:09]} 18. Rab1 {[%clk 00:08:54]} {[%emt 00:02:19]} Bb5
{[%clk 00:15:26]} {[%emt 00:00:08]} 19. Qd1 {[%clk 00:08:43]} {[%emt 00:00:22]}
Qc7 {[%clk 00:15:09]} {[%emt 00:00:26]} 20. Bd3 {[%clk 00:08:25]} {[%emt
00:00:28]} Ba4 {[%clk 00:14:23]} {[%emt 00:00:57]} 21. b3 {[%clk 00:07:18]}
{[%emt 00:01:17]} Nxa3 {[%clk 00:14:31]} {[%emt 00:00:02]} 22. bxa4 {[%clk
00:06:42]} {[%emt 00:00:46]} Nxb1 {[%clk 00:14:16]} {[%emt 00:00:26]} 23. Qxb1
{[%clk 00:06:49]} {[%emt 00:00:03]} Bf8 {[%clk 00:14:13]} {[%emt 00:00:11]} 24.
Bxf8 {[%clk 00:06:41]} {[%emt 00:00:19]} Rxf8 {[%clk 00:14:18]} {[%emt
00:00:03]} 25. a5 {[%clk 00:04:53]} {[%emt 00:02:00]} Nc4 {[%clk 00:14:23]}
{[%emt 00:00:04]} 26. h4 {[%clk 00:04:43]} {[%emt 00:00:21]} Qxa5 {[%clk
00:14:06]} {[%emt 00:00:27]} 27. Qxb7 {[%clk 00:04:32]} {[%emt 00:00:21]} Nd2
{[%clk 00:14:09]} {[%emt 00:00:06]} 28. Re3 {[%clk 00:04:04]} {[%emt 00:00:39]}
Nxf3+ {[%clk 00:13:37]} {[%emt 00:00:41]} 29. Rxf3 {[%clk 00:03:58]} {[%emt
00:00:16]} Qe1+ {[%clk 00:13:45]} {[%emt 00:00:01]} 30. Kh2 {[%clk 00:04:07]}
{[%emt 00:00:02]} Rc1 {[%clk 00:13:53]} {[%emt 00:00:02]} 31. Qe7 {[%clk
00:03:30]} {[%emt 00:00:47]} Rfc8 {[%clk 00:10:52]} {[%emt 00:03:10]} 32. h5
{[%clk 00:02:03]} {[%emt 00:01:37]} Qh1+ {[%clk 00:09:53]} {[%emt 00:01:09]} 33.
Kg3 {[%clk 00:02:12]} {[%emt 00:00:02]} Rg1 {[%clk 00:10:01]} {[%emt 00:00:02]}
34. hxg6 {[%clk 00:01:43]} {[%emt 00:00:39]} hxg6 {[%clk 00:10:03]} {[%emt
00:00:07]} 35. Bxg6 {[%clk 00:01:39]} {[%emt 00:00:15]} Rf8 {[%clk 00:09:33]}
{[%emt 00:00:40]} 36. Bh5 {[%clk 00:01:04]} {[%emt 00:00:45]} a5 {[%clk
00:09:24]} {[%emt 00:00:20]} 37. Bg4 {[%clk 00:00:21]} {[%emt 00:00:53]} a4
{[%clk 00:06:15]} {[%emt 00:00:37]} 38. Bh3 {[%clk 00:00:18]} {[%emt 00:00:14]}
a3 {[%clk 00:07:19]} {[%emt 00:01:47]} 39. Qg5+ {[%clk 00:00:25]} {[%emt
00:00:03]} Kh7 {[%clk 00:07:24]} {[%emt 00:00:04]} 40. Nh5 {[%clk 00:00:19]}
{[%emt 00:00:17]} Rg8 {[%clk 00:06:09]} {[%emt 00:01:25]} 41. Rxf7+ {[%clk
00:00:18]} {[%emt 00:00:11]} Kh8 {[%clk 00:06:12]} {[%emt 00:00:06]} 42. Rh7+
{[%clk 00:00:26]} {[%emt 00:00:03]} 1-0